| 000 | 00991cam a22002651 4500 | ||
|---|---|---|---|
| 001 | hew63000011 | ||
| 003 | DLC | ||
| 005 | 20260227111512.0 | ||
| 008 | 771205s1962 dcua b f000 0 eng c | ||
| 010 | _ahew63000011 | ||
| 035 | _a(OCoLC)3465129 | ||
| 040 |
_aU.S. Dept. of Health, Education, and Welfare. Library _cDNIE _dOCoLC _dDLC |
||
| 042 | _apremarc | ||
| 050 | 0 | 0 |
_aL111 _b.A6 1963, no. 22 |
| 100 | 1 |
_aSteffensen, James Peter, _d1920- |
|
| 245 | 1 | 0 | _aMerit salary programs in six selected school districts. |
| 260 |
_a[Washington] _bU.S. Dept. of Health, Education, and Welfare, Office of Education _c[1962] |
||
| 300 |
_av, 63 p. _btables. _c24 cm. |
||
| 490 | 1 |
_aUnited States. Office of Education. Bulletin _v1963, no. 5 [i.e. 22] |
|
| 500 | _a"OE-23026." | ||
| 504 | _aBibliographical footnotes. | ||
| 650 | 0 |
_aTeachers _xSalaries, etc. _zUnited States. |
|
| 650 | 0 |
_aTeachers _xRating of. |
|
| 830 | 0 |
_aBulletin (United States. Office of Education) ; _v1963, no. 5 [i.e. 22] |
|
| 999 |
_c34395 _d34395 |
||